Name an Element For Each Row & Column of the Periodic Table - Statistics

General Stats
  • This quiz has been taken 26 times
  • The average score is 24 of 39
Answer Stats
Row/Column # Answer % Correct
Period 1 2 Hydrogen | Helium
95%
Period 4 18 Potassium | Calcium | Scandium | Titanium | Vanadium | Chromium | Manganese | Iron | Cobalt | Nickel | Copper | Zinc | Gallium | Germanium | Arsenic | Selenium | Bromine | Krypton
95%
Group 27 6 Boron | Aluminum | Gallium | Indium | Thallium | Nihonium
90%
Period 2 8 Lithium | Beryllium | Boron | Carbon | Nitrogen | Fluorine | Neon
90%
Period 6 32 Caesium | Barium | Lanthanum | Cerium | Praseodymium | Neodymium | Promethium | Samarium | Europium | Gadolinium | Terbium | Dysprosium | Holmium | Erbium | Thullium | Ytterbium | Lutetium | Hafnium | Tantalum | Tungsten | Rhenium | Osmium | Iridium | Platinum | Gold | Mercury | Thallium | Lead | Bismuth | Polonium | Astatine | Radon
86%
Group 28 6 Carbon | Silicon | Germanium | Tin | Lead | Flerovium
86%
Period 7 32 Francium | Radium | Actinium | Thorium | Protactinium | Uranium | Neptunium | Plutonium | Americium | Curium | Berkelium | Californium | Einsteinium | Fermium | Mendelevium | Nobelium | Lawrencium | Rutherfordium | Dubnium | Seaborgium | Bohrium | Hassium | Meitnerium | Darmstadtium | Roentgenium | Copernicium | Nihonium | Flerovium | Moscovium | Livermorium | Tennessine | Oganesson
86%
Group 32 7 Helium | Neon | Argon | Krypton | Xenon | Radon | Oganesson
86%
Group 1 7 Hydrogen | Lithium | Sodium | Potassium | Rubidium | Caesium | Francium
86%
Period 5 18 Rubidium | Strontium | Yttrium | Zirconium | Niobium | Molybdenum | Technetium | Ruthenium | Rhodium | Palladium | Silver | Cadmium | Indium | Tin | Antimony | Tellurium | Iodine | Xenon
86%
Period 3 8 Sodium | Magnesium | Aluminum | Silicon | Phosphorus | Sulfur | Chlorine | Argon
86%
Group 2 6 Beryllium | Magnesium | Calcium | Strontium | Barium | Radium |
81%
Group 25 4 Copper | Silver | Gold | Roentgenium
81%
Group 31 6 Fluorine | Carbon | Bromine | Iodine | Astatine | Tennessine
81%
Group 29 6 Nitrogen | Phosphorus | Arsenic | Antimony | Bismuth | Moscovium
81%
Group 30 6 Oxygen | Sulfur | Selenium | Tellurium | Polonium | Livermorium
76%
Group 22 4 Iron | Ruthenium | Osmium | Hassium
67%
Group 6 2 Neodymium | Uranium
67%
Group 19 4 Vanadium | Niobium | Tantalum | Dubnium
67%
Group 26 4 Zinc | Cadmium | Mercury | Copernicium
62%
Group 3 4 Scandium | Yttrium | Lanthanum | Actinium
57%
Group 20 4 Chromium | Molybdenum | Tungsten | Seaborgium
52%
Group 24 4 Nickel | Palladium | Platinum | Darmstadtium
52%
Group 18 4 Titanium | Zirconium | Hafnium | Rutherfordium
52%
Group 4 2 Cerium | Thorium
48%
Group 13 2 Holmium | Einsteinium
48%
Group 17 2 Lutetium | Lawrencium
48%
Group 8 2 Samarium | Plutonium
48%
Group 23 4 Cobalt | Rhodium | Iridium | Meitnerium
43%
Group 10 2 Gadolinium | Curium
43%
Group 21 4 Manganese | Technetium | Rhenium | Bohrium
43%
Group 12 2 Dysprosium | Californium
38%
Group 7 2 Promethium | Neptunium
38%
Group 15 2 Thulium | Mendelevium
38%
Group 14 2 Erbium | Fermium
33%
Group 9 2 Europium | Americium
33%
Group 5 2 Praseodymium | Protactinium
33%
Group 11 2 Terbium | Berkelium
33%
Group 16 2 Ytterbium | Nobelium
33%
No matching quizzes found
Score Distribution
Percent of People with Each Score
Percentile by Number Answered
Your Score History
You have not taken this quiz